000 00409nam a2200145Ia 4500
008 231129s1994||||xx |||||||||||||| ||spa||
020 _a958-04-2248-6
040 _bspa
082 _a618.9289 R482u
100 _aRibas Denys
245 0 _aUn grito oscuro: el enigma de los niños autistas
260 _c1994
264 _aBogotá Colombia : Norma
942 _2ddc
_cBKS
999 _c25844
_d25844